Recast of the energy performance of buildings directive (Record no. 109913)
[ view plain ]
| 000 -LEADER | |
|---|---|
| fixed length control field | 01407cad a22002655a 4500 |
| 001 - CONTROL NUMBER | |
| control field | L148146 |
| 008 - FIXED-LENGTH DATA ELEMENTS--GENERAL INFORMATION | |
| fixed length control field | 090804e20090731xxk f l 000 0 eng d |
| 020 ## - INTERNATIONAL STANDARD BOOK NUMBER | |
| International Standard Book Number | 9781409816188 |
| 035 ## - SYSTEM CONTROL NUMBER | |
| System control number | (Sirsi) u148146 |
| 041 0# - LANGUAGE CODE | |
| Language code of text/sound track or separate title | eng |
| 050 04 - LIBRARY OF CONGRESS CALL NUMBER | |
| Classification number | 333.72 $2 18 |
| 110 2# - MAIN ENTRY--CORPORATE NAME | |
| Corporate name or jurisdiction name as entry element | United Kingdom |
| Subordinate unit | Department for Communities and Local Government |
| 9 (RLIN) | 4939 |
| 245 00 - TITLE STATEMENT | |
| Title | Recast of the energy performance of buildings directive |
| Medium | [electronic resource] |
| 260 ## - PUBLICATION, DISTRIBUTION, ETC. | |
| Place of publication, distribution, etc. | London |
| Name of publisher, distributor, etc. | DCLG |
| Date of publication, distribution, etc. | 2009 |
| 505 2# - FORMATTED CONTENTS NOTE | |
| Formatted contents note | Consultation summary -- About this consultation -- Introduction -- Chapter 1: The EPBD re-cast proposals -- List of consultation questions -- Impact assessment |
| 520 ## - SUMMARY, ETC. | |
| Summary, etc. | Seek views on the Government's proposals on the recast of the Energy Performance of Buildings Directive. This recast, initiated by the European Commission, has the goal of clarifying and simplifying parts of the Directive. It also aims to extend the scope of the Directive and strengthen some of its provisions. |
| 520 ## - SUMMARY, ETC. | |
| Summary, etc. | Deadline for comments is 2 October 2009. |
| 521 ## - TARGET AUDIENCE NOTE | |
| Target audience note | Advanced |
| 590 ## - LOCAL NOTE (RLIN) | |
| Local note | KA |
| 650 24 - SUBJECT ADDED ENTRY--TOPICAL TERM | |
| Topical term or geographic name entry element | DIRECTIVE 2002/91/EC |
| 651 #4 - SUBJECT ADDED ENTRY--GEOGRAPHIC NAME | |
| Geographic name | England and Wales |
| Chronological subdivision | 1543- |
| 690 ## - LOCAL SUBJECT ADDED ENTRY--TOPICAL TERM (OCLC, RLIN) | |
| Topical term or geographic name as entry element | ENVIRONMENTAL AND LAND CONSULTANCY-ENERGY-ENERGY USE-ENERGY EFFICIENCY |
| 856 40 - ELECTRONIC LOCATION AND ACCESS | |
| Uniform Resource Identifier | <a href="https://www.communities.gov.uk/publications/planningandbuilding/recastepbdconsultation">https://www.communities.gov.uk/publications/planningandbuilding/recastepbdconsultation</a> |
| Public note | View the item free of charge at www.communities.gov.uk... |
| 942 ## - ADDED ENTRY ELEMENTS (KOHA) | |
| Suppress in OPAC | 0 |
| Withdrawn status | Lost status | Source of classification or shelving scheme | Damaged status | Not for loan | Home library | Current library | Shelving location | Date acquired | Total Checkouts | Full call number | Barcode | Date last seen | Copy number | Price effective from | Koha item type |
|---|---|---|---|---|---|---|---|---|---|---|---|---|---|---|---|
| Dewey Decimal Classification | Virtual | Virtual | Online | 04/08/2009 | ONLINE PUBLICATION | 148146-2001 | 06/08/2019 | 1 | 06/08/2019 | Book |